Sơn Nam - Đình miễu và lễ hội dân gian Miền Nam

Salvato in:
Dettagli Bibliografici
Autore principale: Sơn Nam
Natura: Libro
Pubblicazione: TP. Hồ Chí Minh Trẻ 2015
Edizione:Tái bản lần thứ 3
Soggetti:
Tags: Aggiungi Tag
Nessun Tag, puoi essere il primo ad aggiungerne! !
Thư viện lưu trữ: Trung tâm Học liệu Lê Vũ Hùng, Trường Đại học Đồng Tháp
LEADER 00934pam a22002658a 4500
001 00034801
005 20181003141054.0
008 161026s2015 ||||||Viesd
020 # # |c 95000  |a 978 604 00494 8 
041 0 # |a Vie 
082 1 4 |a 394.269 597  |b S464N 
100 0 # |a Sơn Nam 
245 0 0 |a Sơn Nam - Đình miễu và lễ hội dân gian Miền Nam  |c Sơn Nam 
250 # # |a Tái bản lần thứ 3 
260 # # |a TP. Hồ Chí Minh  |b Trẻ  |c 2015 
300 # # |a 392tr.  |c 20cm 
653 # # |a Nguồn gốc và sự tích 
653 # # |a Văn hóa dân gian Đình miếu và lễ hội 
653 # # |a lễ hội 
653 # # |a Đình miễu Việt Nam 
852 # # |b Kho mượn  |j KM.0019311 
852 # # |b Kho đọc  |j KD,0018658 
852 # # |j KM.0019311  |j KD.0018658 
910 |d 26/10/2016 
980 # # |a Trung tâm Học liệu Lê Vũ Hùng, Trường Đại học Đồng Tháp